[Event "IECG TE.2007.P.02412 email"]
[Site "IECG email"]
[Date "2007.03.30"]
[Round "?"]
[White "Ozgur, Gunay"]
[Black "Wurm, Tamas"]
[Result "0-1"]
[WhiteElo "1751"]
[BlackElo "1132"]
[PlyCount "28"]
[EventDate "2007.03.31"]
[EventType "tourn (corr)"]
[EventRounds "12"]
[SourceTitle "Corr 2024"]
[Source "ChessBase"]
[SourceDate "2023.10.19"]
[SourceVersion "1"]
[SourceVersionDate "2023.10.19"]
[SourceQuality "1"]

1. d4 d5 2. c4 e5 3. dxe5 d4 4. Nf3 Nc6 5. a3 f6 6. exf6 Nxf6 7. g3 Bg4 8. Nbd2 Bd6 9. Bg2 0-0 10. 0-0 Qd7 11. Nb3 Rad8 12. Bg5 h6 13. Bxf6 Rxf6 14. Nbxd4 Ne5 0-1